| 000 | 00417nam a2200169Ia 4500 | ||
|---|---|---|---|
| 008 | 221030s9999 xx 000 0 und d | ||
| 020 | _a0070596956 | ||
| 041 | _aEnglish | ||
| 082 |
_a105.23 _bVau |
||
| 100 | _aT. Vaughan | ||
| 245 | 0 |
_aMultimedia : Making It Work ( DEPARTMENTAL ) _cby T. Vaughan |
|
| 250 | _a6th | ||
| 260 |
_bTMH _aNew Delhi _c2006 |
||
| 300 | _a462 | ||
| 650 | _aECE Departmental | ||
| 942 | _cBK | ||
| 999 |
_c1799 _d1799 |
||